[Event "RUS-ch Seniors"]
[Site "Tula"]
[Date "2004.05.18"]
[Round "9"]
[White "Ionov, Boris"]
[Black "Ivanets, Vladimir"]
[Result "1/2-1/2"]
[WhiteElo "2220"]
[BlackElo "2258"]
[PlyCount "20"]
[EventDate "2004.05.??"]
[EventType "swiss"]
[EventRounds "9"]
[EventCountry "RUS"]
[SourceTitle "EXT 2005"]
[Source "ChessBase"]
[SourceDate "2004.11.15"]
[SourceVersion "1"]
[SourceVersionDate "2004.11.15"]
[SourceQuality "1"]

1. c4 e5 2. Nc3 Nf6 3. e3 c6 4. d4 exd4 5. Qxd4 Be7 6. Nf3 0-0 7. Be2 d5 8. cxd5 Nxd5 9. Nxd5 Qxd5 10. Qxd5 cxd5 1/2-1/2

[Event "St Petersburg White Nights op"]
[Site "St Petersburg"]
[Date "2004.??.??"]
[Round "5"]
[White "Ionov, Boris"]
[Black "Kostyuchenko, Vladimir"]
[Result "0-1"]
[WhiteElo "2220"]
[BlackElo "2132"]
[PlyCount "46"]
[EventDate "2004.06.??"]
[EventType "swiss"]
[EventRounds "9"]
[EventCountry "RUS"]
[SourceTitle "CBM 100 Extra"]
[Source "ChessBase"]
[SourceDate "2004.07.06"]
[SourceVersion "2"]
[SourceVersionDate "2004.07.06"]
[SourceQuality "1"]

1. c4 Nf6 2. Nc3 e6 3. e4 c5 4. Nf3 Nc6 5. d4 cxd4 6. Nxd4 Bb4 7. f3 0-0 8. Nc2 Bxc3+ 9. bxc3 d5 10. cxd5 exd5 11. exd5 Nxd5 12. c4 Re8+ 13. Be2 Qh4+ 14. g3 Qxc4 15. Ne3 Nxe3 16. Bxc4 Nxd1+ 17. Kxd1 Bf5 18. Bb5 Red8+ 19. Bd2 Nd4 20. Be2 Bc2+ 21. Kc1 Rac8 22. Bd1 Bxd1+ 23. Kxd1 Nxf3 0-1

[Event "St Petersburg White Nights op1"]
[Site "St Petersburg"]
[Date "2002.??.??"]
[Round "1"]
[White "Lugovoi, Aleksei"]
[Black "Ionov, Boris"]
[Result "1-0"]
[WhiteElo "2510"]
[BlackElo "2248"]
[PlyCount "153"]
[EventDate "2002.??.??"]
[EventType "swiss"]
[EventRounds "9"]
[EventCountry "RUS"]
[SourceTitle "EXT 2003"]
[Source "ChessBase"]
[SourceDate "2002.11.25"]
[SourceVersion "1"]
[SourceVersionDate "2002.11.25"]
[SourceQuality "1"]

1. d4 Nf6 2. c4 e6 3. Nc3 c5 4. d5 exd5 5. cxd5 Bd6 6. Nf3 0-0 7. Bg5 Re8 8. e3 a6 9. a4 Bf8 10. d6 Re6 11. Bc4 Rxd6 12. Qb3 Qe8 13. 0-0 Nc6 14. a5 Nb4 15. e4 b5 16. axb6 Rxb6 17. e5 d5 18. exd6 Bxd6 19. Rfe1 Qf8 20. Ne5 Bxe5 21. Rxe5 Rab8 22. Bxf6 Rxf6 23. Ne4 Rf5 24. Qg3 Nc6 25. Rxf5 Bxf5 26. Ng5 Bg6 27. Rxa6 Rc8 28. h4 Qe8 29. Ra3 Qe5 30. Qf3 Qe1+ 31. Kh2 Ne5 32. Qh3 Rf8 33. h5 Bb1 34. Nf3 Nxf3+ 35. Qxf3 Qe5+ 36. g3 Be4 37. Qe2 Qf5 38. Re3 Bc6 39. Re5 Qb1 40. Bd5 Bxd5 41. Rxd5 Qc1 42. Qe5 c4 43. Qd4 h6 44. Rc5 Qf1 45. Rxc4 Re8 46. Rc2 Re1 47. Qd8+ Kh7 48. Qd5 Qg1+ 49. Kh3 Re8 50. Qf5+ Kg8 51. Rc8 Qh1+ 52. Kg4 Qd1+ 53. f3 Qd4+ 54. Kh3 Rxc8 55. Qxc8+ Kh7 56. Qb7 Qf6 57. Qe4+ g6 58. hxg6+ fxg6 59. Qb7+ Kg8 60. Qc8+ Kf7 61. Qc4+ Ke7 62. Qe4+ Kd7 63. b4 Kc8 64. f4 h5 65. Qe5 Qf7 66. Kh4 Qd7 67. f5 gxf5 68. Kxh5 Qd1+ 69. Kg6 Qg4+ 70. Kf6 Kb7 71. Qf4 Qh3 72. Ke6 Kb6 73. Kd6 Qg2 74. Qd4+ Ka6 75. Qc4+ Ka7 76. Qc5+ Kb7 77. Qd5+ 1-0

[Event "St Petersburg White Nights op"]
[Site "St Petersburg"]
[Date "2000.06.28"]
[Round "5"]
[White "Ionov, Boris"]
[Black "Monin, Nikolay"]
[Result "0-1"]
[WhiteElo "2285"]
[BlackElo "2362"]
[PlyCount "106"]
[EventDate "2000.06.23"]
[EventType "swiss"]
[EventRounds "9"]
[EventCountry "RUS"]
[SourceTitle "CBM 076 Extra"]
[Source "ChessBase"]
[SourceDate "2000.07.11"]
[SourceVersion "1"]
[SourceVersionDate "2000.07.11"]
[SourceQuality "1"]

1. c4 g6 2. Nc3 Bg7 3. d4 d6 4. e4 Nf6 5. f3 0-0 6. Be3 Nbd7 7. Qd2 c5 8. dxc5 dxc5 9. Bh6 Ne5 10. Bxg7 Qxd2+ 11. Kxd2 Kxg7 12. Rd1 Be6 13. b3 Rfd8+ 14. Ke3 Rxd1 15. Nxd1 Rd8 16. Nf2 g5 17. h4 h6 18. hxg5 hxg5 19. Ngh3 Bxh3 20. Rxh3 Kg6 21. Be2 b6 22. Nd3 Nxd3 23. Bxd3 e5 24. Rh1 Nh5 25. Rb1 Nf4 26. Bf1 Kf6 27. a3 g4 28. fxg4 Kg5 29. g3 Ne6 30. Bd3 Rh8 31. Rf1 f6 32. Rf5+ Kg6 33. Rh5 Rxh5 34. gxh5+ Kxh5 35. Be2+ Kg5 36. b4 Nd4 37. Bd1 Nc6 38. Ba4 cxb4 39. axb4 Nxb4 40. Bd7 Na6 41. Bf5 Nc5 42. Kd2 Nb3+ 43. Ke3 Nd4 44. Bd7 Kg6 45. Kd3 Kf7 46. Bg4 Ke7 47. Bd1 Kd6 48. Kc3 Kc5 49. Bh5 b5 50. cxb5 Nxb5+ 51. Kd3 Kb4 52. Ke3 Nd4 53. Bd1 a5 0-1